00588nam a2200205I 450000100060000000300040000600500170001000800410002703500180006803500200008603500170010604000320012304100080015508200200016310000480018324500410023126000540027230000370032665000190036316568MCM20211209000027.0140213r19591949enk 000 0 eng d aBD-RUjL)16623 a(OCoLC)02916384 aGLIS00470056 aDMMcDMMdRCDdBD-RUjLbeng aeng04a797.2bKIS 19591 aKiphuth, Robert J. H.q(Robert John Herman)10aSwimming /cby Robert J. H. Kiphuth. aLondon :bNicholas kaye,cc1949 [Imprission 1959] a110 p. :billus., diagr. ;c19cm 0a Swimming.